[Event "Wch U18 Girls"]
[Site "Montesilvano"]
[Date "2023.11.14"]
[Round "2"]
[White "Lunar, Villaman Sofia"]
[Black "Tikvesli, Ceylin"]
[Result "0-1"]
[WhiteElo "1305"]
[BlackElo "1736"]
[PlyCount "144"]
[EventDate "2023.11.13"]
[EventType "swiss"]
[EventRounds "11"]
[EventCountry "ITA"]
[SourceTitle "CB48_2023"]
[SourceDate "2023.11.29"]
[SourceVersion "1"]
[SourceVersionDate "2023.11.29"]
[SourceQuality "1"]

1. d4 Nf6 2. Bf4 g6 3. Nf3 Bg7 4. e3 d6 5. Nbd2 0-0 6. Be2 c5 7. c3 Qb6 8. Qb3 Be6 9. Bc4 Bxc4 10. Nxc4 Qa6 11. Na3 Nc6 12. Qb5 Qxb5 13. Nxb5 a6 14. Na3 b5 15. dxc5 dxc5 16. Ne5 Rac8 17. Nc2 Nd5 18. Nd7 Rfd8 19. Nxc5 Nxc3 20. Nxa6 Na4 21. 0-0 Nxb2 22. Rab1 Rd2 23. Ncb4 Na5 24. e4 Rd7 25. Rbc1 Nac4 26. Rfe1 h6 27. h3 g5 28. Be3 e6 29. Nc5 Rdd8 30. Nb7 Re8 31. Nc5 Bf8 32. Ncd3 Red8 33. Nxb2 Bxb4 34. Re2 Ba3 35. Nxc4 Bxc1 36. Bxc1 Rxc4 37. Bb2 Ra4 38. a3 e5 39. Bxe5 Re8 40. f4 Rxa3 41. Rb2 Ra5 42. Bc7 Ra7 43. Bd6 Rb7 44. fxg5 Rxe4 45. gxh6 b4 46. Kf2 b3 47. Kf3 Rc4 48. Be5 Kh7 49. Bg7 Rc2 50. Rb1 b2 51. g4 Rb3+ 52. Ke4 Rxh3 53. Rxb2 Rxb2 54. Bxb2 Kxh6 55. Bc1+ Kg6 56. Kf4 Rd3 57. Ke4 Rc3 58. Be3 f6 59. Bd2 Rc4+ 60. Kf3 Kf7 61. Bf4 Ke6 62. Be3 Kd5 63. Bf2 Ke6 64. Be3 Ke5 65. Bd2 Kd5 66. Be3 Rb4 67. Bd2 Ra4 68. Be3 Ke5 69. Bd2 Ra3+ 70. Be3 Rb3 71. Ke2 Ke4 72. Bc1 Rg3 0-1

[Event "Pan American-ch U14 Girls"]
[Site "Guayaquil"]
[Date "2019.07.22"]
[Round "2"]
[White "Lunar, Villaman Sofia"]
[Black "Roman Tapia, Ariana Alejandra"]
[Result "0-1"]
[WhiteElo "1332"]
[BlackElo "1215"]
[PlyCount "103"]
[EventDate "2019.07.21"]
[EventType "swiss"]
[EventRounds "9"]
[EventCountry "ECU"]
[SourceTitle "EXT 2020"]
[Source "ChessBase"]
[SourceDate "2019.10.17"]
[SourceVersion "1"]
[SourceVersionDate "2019.10.17"]
[SourceQuality "1"]

1. d4 Nf6 2. Bf4 e6 3. Nf3 d5 4. e3 c5 5. c3 Nc6 6. Bd3 Bd6 7. Bg3 c4 8. Bc2 Qc7 9. Nbd2 b6 10. 0-0 0-0 11. Ba4 Ne7 12. Qc1 a6 13. Bc2 h6 14. Re1 Bxg3 15. hxg3 Bb7 16. Qb1 Rab8 17. e4 dxe4 18. Nxe4 Ned5 19. Nxf6+ Nxf6 20. Qd1 b5 21. Qe2 a5 22. Nd2 Bd5 23. Be4 Qc6 24. Bxd5 exd5 25. a3 b4 26. axb4 axb4 27. Nf3 bxc3 28. bxc3 Ne4 29. Qc2 Rb3 30. Re3 Rfb8 31. Qc1 Rb2 32. Ne5 Qb5 33. Rf3 f6 34. Ng4 Rb1 35. Rxb1 Qxb1 36. Qxb1 Rxb1+ 37. Kh2 Rc1 38. Ne3 Nxc3 39. Rf5 Ne4 40. Nxd5 Rd1 41. f3 Nf2 42. g4 Rxd4 43. Kg3 Nd3 44. Ne7+ Kh7 45. Nc6 Rd6 46. Na5 c3 47. Nb3 Rc6 48. Nc5 Ne5 49. Na4 c2 50. Nb6 c1Q 51. f4 Qc2 52. Nd5 0-1

[Event "Pan American-ch U14 Girls"]
[Site "Guayaquil"]
[Date "2019.07.21"]
[Round "1"]
[White "Francisco Guecamburu, Candela Be"]
[Black "Lunar, Villaman Sofia"]
[Result "1-0"]
[WhiteElo "1809"]
[BlackElo "1332"]
[PlyCount "59"]
[EventDate "2019.07.21"]
[EventType "swiss"]
[EventRounds "9"]
[EventCountry "ECU"]
[SourceTitle "EXT 2020"]
[Source "ChessBase"]
[SourceDate "2019.10.17"]
[SourceVersion "1"]
[SourceVersionDate "2019.10.17"]
[SourceQuality "1"]

1. e4 c5 2. Nf3 d6 3. Bb5+ Bd7 4. Bxd7+ Qxd7 5. c4 Nc6 6. d4 cxd4 7. Nxd4 Nf6 8. Nc3 e5 9. Nc2 Be7 10. 0-0 0-0 11. b3 Rfd8 12. Qd3 Rdc8 13. Rd1 Rd8 14. Ba3 a6 15. Ne3 Nd4 16. Ncd5 Nxd5 17. Nxd5 Rab8 18. Bb2 Ne6 19. Qg3 Nc7 20. c5 Nxd5 21. Rxd5 f6 22. Qd3 Qc6 23. cxd6 Rxd6 24. Ba3 Rxd5 25. exd5 Qd7 26. d6 Rd8 27. Qc4+ Kh8 28. dxe7 Re8 29. Qf7 Qc8 30. Qf8+ 1-0